Movies Quiz

Random Movies or Clickable Quiz
Score 0/25 Timer 08:00
4 Plays Today
% Correct
The Lord of the Rings
90.5%
The Dark Knight Rises
84.3%
Mary Poppins
83.7%
Scream
78.5%
The Hunt for Red October
76.1%
A Christmas Story
74%
Cast Away
73.9%
Dances with Wolves
72.7%
The Full Monty
65.3%
The African Queen
65%
Halloween
61.7%
A Few Good Men
59.9%
When Harry Met Sally...
55.9%
% Correct
The Sound of Music
52.8%
Das Boot
52.6%
Night of the Living Dead
49%
The French Connection
48.6%
The Blues Brothers
46.5%
Dirty Harry
46.3%
Nosferatu
36.3%
King Kong
35.3%
Amadeus
26.5%
Bonnie and Clyde
25.1%
Animal House
24.6%
Blue Velvet
22.8%
Remove Ads.
Support Sporcle.
Get the best of Sporcle when you Go Orange. This ad-free experience offers more features, more stats, and more fun while also helping to support Sporcle. Thank you for becoming a member.

You're not logged in!

Compare scores with friends on all Sporcle quizzes.
OR
Log In

Show Comments

Extras

Top Quizzes Today


Score Distribution

Your Account Isn't Verified!

In order to create a playlist on Sporcle, you need to verify the email address you used during registration. Go to your Sporcle Settings to finish the process.

Report this User

Report this user for behavior that violates our Community Guidelines.

Details: